{"text_format":"3","workbook":"xls","n_sheets":3,"sheets":["Módulo1","ORÇAMENTO ATENDIMENTO","CRONOGRAMA"],"not_rendered":{"images":4,"external_links":1,"defined_names":18},"read":"whole","date_system":"1900","formulas":"cached_only"}

{"sheet":"Módulo1","index":0,"n_rows":0,"n_cols":0,"rows_kept":0,"hidden":true,"flags":["formulas_cached_only"]}

{"sheet":"ORÇAMENTO ATENDIMENTO","index":1,"n_rows":222,"n_cols":7,"rows_kept":222,"merged":[[1,0,1,6],[2,0,2,6],[3,0,3,6],[4,0,4,6],[6,1,6,6],[7,1,7,6],[32,0,32,5],[37,0,37,5],[43,0,43,5],[51,0,51,5],[55,0,55,5],[63,0,63,5],[75,0,75,5],[79,0,79,5],[83,0,83,5],[93,0,93,5],[100,0,100,5],[109,0,109,5],[173,0,173,5],[198,0,198,5],[209,0,209,5],[213,0,213,5],[215,0,215,5],[217,0,217,5],[219,0,219,5],[221,0,221,6]],"flags":["formulas_cached_only"]}
[]
["DATA: 14/01/2014"]
[]
["ANEXO II"]
["DATA BASE - SEINF - Fortaleza/CE (MÊS:JANEIRO/14 - C/ DESONERAÇÃO)"]
[]
["OBRA:","REFORMA DA CENTRAL DE ACOLHIMENTO DA SECRETARIA REGIONAL II"]
["LOCAL :","RUA JURACI OLIVEIRA N° 01 – EDSON QUEIROZ"]
[]
["ITEM","CÓDIGO","DESCRIÇÃO","UNIDADE","QUANT.","PREÇO(R$)","PREÇO TOTAL (R$)"]
[1,null,"SERVICOS PRELIMINARES"]
["1.1",null,"CONSTRUÇÃO DO CANTEIRO DA OBRA"]
["1.1.1",10010019,"PLACA DA OBRA PADRÃO PREFEITURA","M2",{"v":20,"d":"20.00"},{"v":105.6,"d":"105.60"},{"v":2112,"d":"2,112.00 "}]
["1.1.2",10010023,"TAPUME DE CHAPA DE MADEIRA COMPENSADA ESP=10MM COM\nABERTURA E PORTÃO","M2",{"v":52.5,"d":"52.50"},83.03,{"v":4359.08,"d":"4,359.08 "}]
["1.1.3",10010007,"LIGAÇÃO PROVISÓRIA DE ÁGUA E SANITÁRIO","UN",{"v":1,"d":"1.00"},{"v":1512.67,"d":"1,512.67"},{"v":1512.67,"d":"1,512.67 "}]
["1.1.4",10010008,"LIGAÇÃO PROVISÓRIA DE LUZ, FORÇA, TELEFONE E LÓGICA","UN",{"v":1,"d":"1.00"},{"v":1216.09,"d":"1,216.09"},{"v":1216.09,"d":"1,216.09 "}]
["1.1.5",10010004,"BARRACÃO ABERTO","M2",{"v":50,"d":"50.00"},62.42,{"v":3121,"d":"3,121.00 "}]
["1.2",null,"LOCAÇÕES"]
["1.2.1",10010003,"ANDAIME METÁLICO DE ENCAIXE P/ FACHADAS - LOCAÇÃO MENSAL","UN",{"v":60,"d":"60.00"},{"v":4.36,"d":"4.36 "},{"v":261.6,"d":"261.60 "}]
["1.3",null,"DEMOLIÇÕES, RETIRADAS E REPOSIÇÕES"]
["1.3.1",10040011,"DEMOLIÇÃO DE FORRO DE GESSO","M2",{"v":57,"d":"57.00 "},{"v":1.54,"d":"1.54 "},{"v":87.78,"d":"87.78 "}]
["1.3.2",10040018,"DEMOLIÇÃO DE PISO CIMENTADO SOBRE LASTRO DE CONCRETO COM REMOÇÃO LATERAL","M2",{"v":80.13,"d":"80.13 "},{"v":10.07,"d":"10.07 "},{"v":806.91,"d":"806.91 "}]
["1.3.3",10040030,"DEMOLIÇÃO MANUAL DE ALVENARIA EM TIJOLO FURADO COM REMOÇÃO ","M3",{"v":2.77,"d":"2.77 "},{"v":20.79,"d":"20.79 "},{"v":57.59,"d":"57.59 "}]
["1.3.4",10040025,"DEMOLIÇÃO DE REVESTIMENTO CERÂMICO EM PAREDES","M2",{"v":53.916,"d":"53.92 "},{"v":19.43,"d":"19.43 "},{"v":1047.59,"d":"1,047.59 "}]
["1.3.5",10040028,"DEMOLIÇÃO MANUAL DE ALVENARIA EM TIJOLO COMUM COM REMOÇÃO LATERAL","M3",{"v":18.925,"d":"18.93 "},{"v":23.49,"d":"23.49 "},{"v":444.55,"d":"444.55 "}]
["1.3.6",10040067,"RETIRADA DE FORRAMENTO","M",{"v":55,"d":"55.00 "},{"v":2.22,"d":"2.22 "},{"v":122.1,"d":"122.10 "}]
["1.3.7",10040084,"RETIRADA DE PIA E/OU TANQUE","UN",{"v":9,"d":"9.00 "},{"v":4.19,"d":"4.19 "},{"v":37.71,"d":"37.71 "}]
["1.3.8",10040076,"RETIRADA DE LOUÇAS SANITÁRIAS","UN",{"v":2,"d":"2.00 "},{"v":8.44,"d":"8.44 "},{"v":16.88,"d":"16.88 "}]
["1.3.9",10040061,"RETIRADA DE DIVISÓRIAS","M2",{"v":13.05,"d":"13.05 "},{"v":3.88,"d":"3.88 "},{"v":50.63,"d":"50.63 "}]
["1.3.10",10040047,"RETIRADA DE BANCADA EM GRANITO/AÇO INOX","M",{"v":3.14,"d":"3.14 "},{"v":14.43,"d":"14.43 "},{"v":45.31,"d":"45.31 "}]
["1.3.11",10040087,"RETIRADA DE PORTAS E/OU JANELAS DE MADEIRAS","M2",{"v":10.08,"d":"10.08 "},{"v":6.16,"d":"6.16 "},{"v":62.09,"d":"62.09 "}]
["1.3.12","C2211","RETIRADA DE VIDROS C/ REAPROVEITAMENTO","M2",{"v":24.974999999999994,"d":"24.98"},{"v":18.79,"d":"18.79 "},{"v":469.28,"d":"469.28 "}]
["SUBTOTAL (Etapa):",{"$nulls":5},{"v":15830.859999999999,"d":"15,830.86 "}]
[2,null,"MOVIMENTO DE TERRA"]
["2.1",null,"CARGA,TRANSPORTE E DESCARGA DE MATERIAL"]
["2.1.1",20040004,"CARGA MANUAL DE ENTULHO EM CAMINHÃO BASCULANTE","M3",{"v":20.55,"d":"20.55 "},{"v":12.17,"d":"12.17 "},{"v":250.09,"d":"250.09 "}]
["2.1.2",20040025,"TRANSPORTE DE MATERIAL EXCETO ROCHA EM CAMINHÃO\nBASCULANTE 6M3, DMT ATÉ 5KM","M3",{"v":20.55,"d":"20.55 "},{"v":15.11,"d":"15.11 "},{"v":310.51,"d":"310.51 "}]
["SUBTOTAL (Etapa):",{"$nulls":5},{"v":560.6,"d":"560.60 "}]
[3,null,"FUNDAÇÕES"]
["3.1",null,"FUNDAÇÕES"]
["3.1.1",6122,"EMBASAMENTO C/PEDRA ARGAMASSADA UTILIZANDO ARG.CIM/AREIA 1:4","M3",1.75,215.48,{"v":377.09,"d":"377.09 "}]
["3.1.2",6110,"ALVENARIA DE EMBASAMENTO EM TIJOLOS CERAMICOS MACICOS 5X10X20CM, ASSENTADO COM ARGAMASSA TRACO 1:2:8 (CIMENTO, CAL E AREIA)","M3",0.44,349.56,{"v":153.81,"d":"153.81 "}]
["3.1.3",60050002,"CINTA AÉREA 10 X 15CM (COMPLETAMENTE EXECUTADA)","M",{"v":0.6,"d":"0.60"},{"v":20.7,"d":"20.70"},{"v":12.42,"d":"12.42 "}]
["SUBTOTAL (Etapa):",{"$nulls":5},{"v":543.3199999999999,"d":"543.32 "}]
[4,null,"ESTRUTURAS"]
["4.1",null,"ESTRUTURA (MARQUISE E CINTA DE AMARRAÇÃO NAS ALVENARIAS A SEREM EXECUTADAS)"]
["4.1.1","74138/004","CONCRETO USINADO BOMBEADO FCK=30MPA, INCLUSIVE COLOCACAO, ESPALHAME ADENSAMENTO MECANICO.","M3",0.33,365.42,{"v":120.59,"d":"120.59 "}]
["4.1.2",84223,"FORMA PARA ESTRUTURAS DE CONCRETO (PILAR, VIGA E LAJE)EM CHAPA DE MADEIRA COMPENSADA PLASTIFICADA; DE 1,10 X 2,20, ESPESSURA=18 MM, 05 UTILIZAÇÕES. (FABRICAÇÃO, MONTAGEM E DESMONTAGEM - EXCLUSIVE ESCORAMENTO.","M2",{"v":8,"d":"8.00"},33.49,{"v":267.92,"d":"267.92 "}]
["4.1.3","74254/002","ARMACAO ACO CA-50, DIAM. 6,3 (1/4) À 12,5MM(1/2) -FORNECIMENTO/ CORTE(PERDA DE 10%) / DOBRA / COLOCAÇÃO.","KG",{"v":33,"d":"33.00"},5.62,{"v":185.46,"d":"185.46 "}]
["4.1.4","73942/002","ARMACAO DE ACO CA-60 DIAM. 3,4 A 6,0MM.- FORNECIMENTO / CORTE (C/PERDADE 10%) / DOBRA / COLOCAÇÃO.","KG",{"v":7,"d":"7.00"},6.02,{"v":42.14,"d":"42.14 "}]
["4.1.5","C1603","LANÇAMENTO DE CONCRETO COM ELEVAÇÃO","M3",0.33,114.13,{"v":37.66,"d":"37.66 "}]
["SUBTOTAL (Etapa):",{"$nulls":5},{"v":653.77,"d":"653.77 "}]
[5,null,"CONCRETOS"]
["5.1",null,"LASTROS"]
["5.1.1",30010003,"LASTRO DE CONCRETO ESP. = 6 CM","M2",{"v":109.64,"d":"109.64 "},{"v":30.86,"d":"30.86 "},{"v":3383.49,"d":"3,383.49 "}]
["SUBTOTAL (Etapa):",{"$nulls":5},{"v":3383.49,"d":"3,383.49 "}]
[6,null,"PAREDES E PAINÉIS"]
["6.1",null,"ALVENARIAS DE ELEVAÇÃO"]
["6.1.1",80010011,"ALVENARIA DE TIJOLO FURADO ESP. = 10CM","M2",{"v":26.43,"d":"26.43 "},{"v":28.67,"d":"28.67 "},{"v":757.75,"d":"757.75 "}]
["6.2",null,"DIVIÓRIAS"]
["6.2.1",80040001,"ADICIONAL DE FERRAGEM P/ PORTA DE DIVISÓRIA COMPLETA (FORN. E\nMONTAGEM)","UN",{"v":1,"d":"1.00 "},{"v":190,"d":"190.00 "},{"v":190,"d":"190.00 "}]
["6.2.2",80040002,"ASSENTAMENTO DE DIVISÓRIA (S/ AQUISIÇÃO)","M2",54.75,11.89,{"v":650.98,"d":"650.98 "}]
["6.2.3",80040014,"DIVISÓRIA DE PVC MONTANTE DUPLO EM PERFIL DE ALUMÍNIO (FORN. E\nMONTAGEM)","M2",{"v":95.5,"d":"95.50 "},{"v":135.67,"d":"135.67 "},{"v":12956.49,"d":"12,956.49 "}]
["SUBTOTAL (Etapa):",{"$nulls":5},{"v":14555.22,"d":"14,555.22 "}]
[7,null,"ESQUADRIAS E FERRAGENS"]
["7.1",null,"ESQUADRIAS DE ALUMÍNIO"]
["7.1.1",90030003,"BRISE DE ÂNGULO FIXO COMPOSTO POR PAINÉIS LINEARES DE\nALUMÍNIO (FORN. E MONTAGEM)","M2",{"v":12,"d":"12.00 "},{"v":161.7,"d":"161.70 "},{"v":1940.4,"d":"1,940.40 "}]
["7.1.2",90030017,"JANELA DE CORRER EM ALUMINIO ANODIZADO FOSCO COM CAIXILHO\n(FORN. E MONTAGEM)","M2",{"v":18.150000000000002,"d":"18.15 "},{"v":220,"d":"220.00 "},{"v":3993,"d":"3,993.00 "}]
["7.2",null,"OUTROS ELEMENTOS (ESQUADRIAS E FERRAGENS)"]
["7.2.1","C4491","VÃO DE PORTA - PORTA COMPLETA C/ FECHADURA TIPO CILINDRO, P/ DIVISÓRIAS EM GERAL (COM REQUADRO EM ALUMÍNIO) - FORNECIMENTO E MONTAGEM","UN",{"v":7,"d":"7.00 "},{"v":215.59,"d":"215.59 "},{"v":1509.13,"d":"1,509.13 "}]
["7.2.2",90030001,"BRISE DE ALUMÍNIO ANODIZADO FOSCO (FORN. E MONTAGEM)","M2",{"v":64.798,"d":"64.80 "},{"v":480,"d":"480.00 "},{"v":31103.04,"d":"31,103.04 "}]
["7.2.3",90010001,"ASSENTAMENTO DE ESQUADRIA DE MADEIRA (S/ AQUISIÇÃO)","M2",{"v":5.88,"d":"5.88 "},{"v":9.34,"d":"9.34 "},{"v":54.92,"d":"54.92 "}]
["7.2.4",100020005,"PORTA DE VIDRO TEMPERADO ESP. = 10MM INCOLOR COM MOLA E\nFERRAGENS INOX (FORNEC. E MONTAGEM)","M2",{"v":6.072,"d":"6.07 "},{"v":631.34,"d":"631.34 "},{"v":3833.5,"d":"3,833.50 "}]
["7.2.5",90020042,"RECUPERAÇÃO E RECOLOCAÇÃO DE GRADE DE FERRO COM\nPONTEIRAS, INCL. APARELHAMENTO E PINTURA ESMALTE","M2",{"v":52.64000000000001,"d":"52.64 "},{"v":40.53,"d":"40.53 "},{"v":2133.5,"d":"2,133.50 "}]
["7.2.6",90050038,"PUXADOR EM AÇO INOX ESCOVADO 2\" C=1,00M","UN",{"v":8,"d":"8.00 "},{"v":326.5,"d":"326.50 "},{"v":2612,"d":"2,612.00 "}]
["SUBTOTAL (Etapa):",{"$nulls":5},{"v":47179.49,"d":"47,179.49 "}]
[8,null,"VIDROS"]
["8.1",null,"VIDRO CRISTAL TEMPERADO"]
["8.1.1",100020002,"PAINEL FIXO DE VIDRO TEMPERADO 10MM, INCOLOR COM FERRAGENS\nINOX (FORN. E MONTAGEM)","M2",{"v":84.8,"d":"84.80 "},{"v":262.26,"d":"262.26 "},{"v":22239.65,"d":"22,239.65 "}]
["SUBTOTAL (Etapa):",{"$nulls":5},{"v":22239.65,"d":"22,239.65 "}]
[9,null,"COBERTAS"]
["9.1",null,"OUTROS ELEMENTOS (COBERTURA)"]
["9.1.1",110040005,"CALHA DE CHAPA GALVANIZADA 20 DESENVOLVIMENTO 100 CM","M",{"v":36,"d":"36.00 "},{"v":55.7,"d":"55.70 "},{"v":2005.2,"d":"2,005.20 "}]
["SUBTOTAL (Etapa):",{"$nulls":5},{"v":2005.2,"d":"2,005.20 "}]
[10,null,"REVESTIMENTOS"]
["10.1",null,"ARGAMASSA PARA PAREDES INTERNAS E EXTERNAS"]
["10.1.1",130010001,"CHAPISCO DE BASE TRAÇO 1:3","M2",{"v":54.263999999999996,"d":"54.26 "},{"v":3.11,"d":"3.11 "},{"v":168.76,"d":"168.76 "}]
["10.1.2",130010003,"EMBOÇO DE PAREDE","M2",{"v":27.863999999999997,"d":"27.86 "},{"v":15.47,"d":"15.47 "},{"v":431.06,"d":"431.06 "}]
["10.1.3",130010006,"REBOCO DE PAREDES","M2",{"v":26.4,"d":"26.40 "},{"v":12.05,"d":"12.05 "},{"v":318.12,"d":"318.12 "}]
["10.2",null,"ACABAMENTOS DE PAREDES INTERNAS E EXTERNAS"]
["10.2.1",130020015,"PASTILHA DE PORCELANA ASSENTADA COM ARGAMASSA COLANTE","M2",{"v":23.22,"d":"23.22 "},{"v":116.41,"d":"116.41 "},{"v":2703.04,"d":"2,703.04 "}]
["10.3",null,"ACABAMENTOS DE FORROS"]
["10.3.1",130030006,"FORRO DE GESSO ACARTONADO TIPO F.G.E. ESTRUTURADO (FORN. E\nMONTAGEM)","M2",{"v":57,"d":"57.00 "},{"v":41.4,"d":"41.40 "},{"v":2359.8,"d":"2,359.80 "}]
["SUBTOTAL (Etapa):",{"$nulls":5},{"v":5980.780000000001,"d":"5,980.78 "}]
[11,null,"PISOS"]
["11.1",null,"PISOS INTERNOS E EXTERNOS"]
["11.1.1",140010035,"PISO EM GRANITO CINZA NATURAL (S/ POLIMENTO) ASSENTADO COM\nARGAMASSA DE CIMENTO E AREIA","M2",{"v":109.64,"d":"109.64 "},{"v":139.45,"d":"139.45 "},{"v":15289.3,"d":"15,289.30 "}]
["11.2",null,"PISOS PARA URBANIZAÇÃO"]
["11.2.1",140030043,"PISO TÁTIL DE ALERTA EM PLACAS DE BORRACHA","M2",{"v":60,"d":"60.00 "},{"v":81.16,"d":"81.16 "},{"v":4869.6,"d":"4,869.60 "}]
["11.2.2",140030045,"PISO TÁTIL DE DIRECIONAL EM PLACAS DE BORRACHA","M2",{"v":30,"d":"30.00 "},{"v":81.16,"d":"81.16 "},{"v":2434.8,"d":"2,434.80 "}]
["SUBTOTAL (Etapa):",{"$nulls":5},{"v":22593.7,"d":"22,593.70 "}]
[12,null,"INSTALAÇÕES HIDRÁULICAS / SANITÁRIAS"]
["12.1",null,"OUTROS ELEMENTOS (INSTALAÇÕES HIDRÁULICAS/SANITARIAS)"]
["12.1.1",150140062,"PONTO HIDRÁULICO, MATERIAL E EXECUÇÃO","PT",{"v":1,"d":"1.00 "},{"v":113.65,"d":"113.65 "},{"v":113.65,"d":"113.65 "}]
["12.1.2",150140063,"PONTO SANITÁRIO, MATERIAL E EXECUÇÃO","PT",{"v":1,"d":"1.00 "},{"v":100.96,"d":"100.96 "},{"v":100.96,"d":"100.96 "}]
["12.1.3",150100043,"LAVATÓRIO DE CANTO DE LOUÇA BRANCA, COM TORNEIRA DE FECHAMENTO AUTOMÁTICO E ACESSÓRIOS CROMADOS","UN",{"v":1,"d":"1.00 "},{"v":564.56,"d":"564.56 "},{"v":564.56,"d":"564.56 "}]
["12.1.4",150100027,"CUBA DE LOUÇA DE EMBUTIR COMPLETA COM TORNEIRA CROMADA E ACESSÓRIOS CROMADOS","UN",{"v":4,"d":"4.00 "},{"v":179.83,"d":"179.83 "},{"v":719.32,"d":"719.32 "}]
["12.2",null,"BANCADAS"]
["12.2.1",80060009,"BANCADA EM GRANITO","M2",{"v":2.015,"d":"2.02 "},{"v":244.45,"d":"244.45 "},{"v":492.57,"d":"492.57 "}]
["SUBTOTAL (Etapa):",{"$nulls":5},{"v":1991.06,"d":"1,991.06 "}]
[13,null,"INSTALAÇÕES ELÉTRICAS, TELEFONIA, LÓGICA E SOM"]
["13.1",null,"ELETRODUTOS DE PVC E CONEXÕES"]
["13.1.1",160010009,"BUCHA DE NYLON S-6 COM PARAFUSOS","UN",{"v":50,"d":"50.00 "},{"v":0.33,"d":"0.33 "},{"v":16.5,"d":"16.50 "}]
["13.1.2",160010013,"CURVA P/ ELETRODUTO PVC ROSC. D=25MM (3/4``)","UN",{"v":6,"d":"6.00 "},{"v":3.16,"d":"3.16 "},{"v":18.96,"d":"18.96 "}]
["13.1.3",160010016,"CURVA P/ ELETRODUTO PVC ROSC. D=60MM (2``)","UN",{"v":1,"d":"1.00 "},{"v":8.03,"d":"8.03 "},{"v":8.03,"d":"8.03 "}]
["13.1.4",160010020,"ELETRODUTO EM PEAD, PRETO, CORRUGADO FLEXÍVEL D= 1.1/2\"","M",{"v":50,"d":"50.00 "},{"v":8.43,"d":"8.43 "},{"v":421.5,"d":"421.50 "}]
["13.1.5",160010021,"ELETRODUTO EM PEAD, PRETO, CORRUGADO FLEXÍVEL D=1.1/4\"","M",{"v":25,"d":"25.00 "},{"v":8.16,"d":"8.16 "},{"v":204,"d":"204.00 "}]
["13.1.6",160010029,"ELETRODUTO PVC ROSC. D=25MM (3/4``)","M",{"v":7,"d":"7.00 "},{"v":5.39,"d":"5.39 "},{"v":37.73,"d":"37.73 "}]
["13.1.7",160010033,"ELETRODUTO PVC ROSC. D=60MM (2`)","M",{"v":9,"d":"9.00 "},{"v":16.31,"d":"16.31 "},{"v":146.79,"d":"146.79 "}]
["13.1.8",160010047,"LUVA P/ ELETRODUTO PVC ROSC. D=25MM (3/4``)","UN",{"v":20,"d":"20.00 "},{"v":1.23,"d":"1.23 "},{"v":24.6,"d":"24.60 "}]
["13.1.9",160010051,"LUVA P/ ELETRODUTO PVC ROSC. D=60MM (2``)","UN",{"v":10,"d":"10.00 "},{"v":5.1,"d":"5.10 "},{"v":51,"d":"51.00 "}]
["13.2",null,"ELETRODUTOS DE ALUMÍNIO E CONEXÕES"]
["13.2.1",160020012,"CONDULETE DE ALUMÍNIO 3/4\"","UN",{"v":3,"d":"3.00 "},{"v":12.85,"d":"12.85 "},{"v":38.55,"d":"38.55 "}]
["13.3",null,"DUTOS E ACESSÓRIOS"]
["13.3.1",160030001,"ACOPLAMENTO EM PAINEL P/ ELETROCALHA 100X50MM","UN",{"v":4,"d":"4.00 "},{"v":7.18,"d":"7.18 "},{"v":28.72,"d":"28.72 "}]
["13.3.2",160030010,"CANALETA PLÁSTICA 20X10MM","M",{"v":10,"d":"10.00 "},{"v":5.52,"d":"5.52 "},{"v":55.2,"d":"55.20 "}]
["13.3.3",160030011,"CANALETA PLÁSTICA 20X50MM","M",{"v":20,"d":"20.00 "},{"v":23.87,"d":"23.87 "},{"v":477.4,"d":"477.40 "}]
["13.3.4",160030041,"EMENDA INTERNA TIPO \"L\" P/ PERFILADO GALVANIZADO","UN",{"v":4,"d":"4.00 "},{"v":9.09,"d":"9.09 "},{"v":36.36,"d":"36.36 "}]
["13.3.5",160050007,"ESPELHO P/ CX. 4X2 COM 01 PONTO","UN",{"v":2,"d":"2.00 "},{"v":5.02,"d":"5.02 "},{"v":10.04,"d":"10.04 "}]
["13.3.6",160050008,"ESPELHO P/ CX. 4X2 COM 02 PONTOS","UN",{"v":1,"d":"1.00 "},{"v":5.77,"d":"5.77 "},{"v":5.77,"d":"5.77 "}]
["13.3.7",160050015,"INTERRUPTOR DUAS TECLAS SIMPLES 10A 250A - EM CONDULETE","UN",{"v":3,"d":"3.00 "},{"v":17.04,"d":"17.04 "},{"v":51.12,"d":"51.12 "}]
["13.3.8",160050025,"INTERRUPTOR TRES TECLAS SIMPLES 10A 250V","UN",{"v":1,"d":"1.00 "},{"v":20.87,"d":"20.87 "},{"v":20.87,"d":"20.87 "}]
["13.3.9",160050042,"TOMADA 2P+T 10A 250V","UN",{"v":2,"d":"2.00 "},{"v":14.9,"d":"14.90 "},{"v":29.8,"d":"29.80 "}]
["13.3.10",160050043,"TOMADA 2P+T PARA COMPUTADOR EM CONDULETE","UN",{"v":3,"d":"3.00 "},{"v":30.76,"d":"30.76 "},{"v":92.28,"d":"92.28 "}]
["13.3.11",160050056,"TOMADA UNIVERSAL 10A 250V EM CONDULETE","UN",{"v":4,"d":"4.00 "},{"v":9.98,"d":"9.98 "},{"v":39.92,"d":"39.92 "}]
["13.4",null,"FIOS, CABOS E ACESSÓRIOS"]
["13.4.1",160060027,"CABO FLEXÍVEL 750V - 2.5MM2","M",{"v":1400,"d":"1,400.00 "},{"v":2.49,"d":"2.49 "},{"v":3486,"d":"3,486.00 "}]
["13.4.2",160060028,"CABO FLEXÍVEL 750V - 25MM2","M",{"v":160,"d":"160.00 "},{"v":11.1,"d":"11.10 "},{"v":1776,"d":"1,776.00 "}]
["13.4.3",160060029,"CABO FLEXÍVEL 750V - 4MM2","M",{"v":1200,"d":"1,200.00 "},{"v":3.38,"d":"3.38 "},{"v":4056,"d":"4,056.00 "}]
["13.4.4",160060067,"CABO LÓGICO UTP (10MPBS) 4 PARES","M",{"v":1500,"d":"1,500.00 "},{"v":5.06,"d":"5.06 "},{"v":7590,"d":"7,590.00 "}]
["13.4.5",160060120,"TERMINAL DE PRESSÃO P/ CABOS ATÉ 16MM2","UN",{"v":2,"d":"2.00 "},{"v":6.51,"d":"6.51 "},{"v":13.02,"d":"13.02 "}]
["13.4.6",160060121,"TERMINAL DE PRESSÃO P/ CABOS ATÉ 35MM2","UN",{"v":2,"d":"2.00 "},{"v":8.04,"d":"8.04 "},{"v":16.08,"d":"16.08 "}]
["13.4.7",160060122,"TERMINAL OLHAL DE 5/8``","UN",{"v":52,"d":"52.00 "},{"v":11.94,"d":"11.94 "},{"v":620.88,"d":"620.88 "}]
["13.5",null,"EQUIPAMENTOS ELÉTRICOS"]
["13.5.1",160070022,"RACK 19`` X 16 U (GABINETE) - (FORN. E INSTALAÇÃO)","UN",{"v":1,"d":"1.00 "},{"v":921.62,"d":"921.62 "},{"v":921.62,"d":"921.62 "}]
["13.5.2",160070024,"RACK DE PISO COM PORTA EM ACRÍL.,CHAVE FRONTAL 19\"-44U, COM REGUA DE TOMADAS, VENTILADO (FORN. E MONT.)","UN",{"v":1,"d":"1.00 "},{"v":2363.57,"d":"2,363.57 "},{"v":2363.57,"d":"2,363.57 "}]
["13.6",null,"LUMINÁRIAS INTERNAS, EXTERNAS E ACESSÓRIOS"]
["13.6.1",160080042,"LUMINÁRIA DE EMBUTIR ALUM. COR BRANCA COM VIDRO LEITOSO COM\nLÂMPADA 26W","UN",{"v":6,"d":"6.00 "},{"v":102.96,"d":"102.96 "},{"v":617.76,"d":"617.76 "}]
["13.7",null,"QUADROS ELÉTRIOS, CAIXAS E ACESSÓRIOS"]
["13.7.1",160110009,"CAIXA DE DERIVAÇÃO P/ ELETROCALHA DIMENSÕES 200X100X100X75MM","UN",{"v":2,"d":"2.00 "},{"v":36.61,"d":"36.61 "},{"v":73.22,"d":"73.22 "}]
["13.7.2",160110033,"CAIXA DE PASSAGEM EMBUTIDA COM TAMPA CEGA 20X20X12CM","UN",{"v":1,"d":"1.00 "},{"v":23.72,"d":"23.72 "},{"v":23.72,"d":"23.72 "}]
["13.7.3",160110045,"CAIXA DE TOMADAS PARA PISO ELEVADO 3X25X70, PARA PONTOS DE\nREDE E PONTOS DE TOMADAS","UN",{"v":24,"d":"24.00 "},{"v":50.55,"d":"50.55 "},{"v":1213.2,"d":"1,213.20 "}]
["13.7.4",160110070,"QUADRO DE DISTRIBUIÇÃO DE LUZ DE EMBUTIR COMPLETO ATÉ 24\nCIRCUITOS COM BARRAMENTO/DISJUNTORES","UN",{"v":1,"d":"1.00 "},{"v":655.25,"d":"655.25 "},{"v":655.25,"d":"655.25 "}]
["13.8",null,"OUTROS ELEMENTOS (INST. ELÉTRICAS, TELEFONICA, LÓGICA E SOM)"]
["13.8.1",160140007,"ANILHAS P/ IDENTIFICAÇÃO DE CABOS/FIOS","UN",{"v":52,"d":"52.00 "},{"v":0.49,"d":"0.49 "},{"v":25.48,"d":"25.48 "}]
["13.8.2",160140038,"BUCHA S-8 COM PARAFUSO","UN",{"v":50,"d":"50.00 "},{"v":0.53,"d":"0.53 "},{"v":26.5,"d":"26.50 "}]
["13.8.3",160140100,"CAIXAS 4X4X2 \" CONFECCIONADS EM MATERIAL TERMOPLASTICO","UN",{"v":5,"d":"5.00 "},{"v":7.84,"d":"7.84 "},{"v":39.2,"d":"39.20 "}]
["13.8.4",160140137,"CONECTOR RJ45 MACHO","UN",{"v":32,"d":"32.00 "},{"v":2.49,"d":"2.49 "},{"v":79.68,"d":"79.68 "}]
["13.8.5",160140351,"INTERRUPTOR COM 1 TECLA SIMPLES EM CONDULETE - COMPLETA","UN",{"v":1,"d":"1.00 "},{"v":10.04,"d":"10.04 "},{"v":10.04,"d":"10.04 "}]
["13.8.6",160140365,"KIT DE MONTAGEM PARAFUSOS / PORCAS GAIOLA (FORN. E MONTAGEM)","UN",{"v":1,"d":"1.00 "},{"v":291.6,"d":"291.60 "},{"v":291.6,"d":"291.60 "}]
["13.8.7",160140389,"ORGANIZADOR DE CABOS HORIZONTAIS COM ANÉIS (1U)","UN",{"v":7,"d":"7.00 "},{"v":33.13,"d":"33.13 "},{"v":231.91,"d":"231.91 "}]
["13.8.8",160140397,"PARAFUSO E BUCHA S10","PAR",{"v":4,"d":"4.00 "},{"v":9.14,"d":"9.14 "},{"v":36.56,"d":"36.56 "}]
["13.8.9",160140414,"PONTO ELÉTRICO - MATERIAL E EXECUÇÃO","PT",{"v":10,"d":"10.00 "},{"v":113.04,"d":"113.04 "},{"v":1130.4,"d":"1,130.40 "}]
["13.8.10",160140450,"RÉGUA DE TOMADA 4 PONTOS","UN",{"v":1,"d":"1.00 "},{"v":27.7,"d":"27.70 "},{"v":27.7,"d":"27.70 "}]
["13.8.11",160140451,"RÉGUA DE TOMADA 6 PONTOS (FORN. E MONTAGEM)","UN",{"v":1,"d":"1.00 "},{"v":96.8,"d":"96.80 "},{"v":96.8,"d":"96.80 "}]
["13.8.12",160140532,"TOMADA ( 2 P+T) 16 A-220V,BLINDADA DE EMBUTIER, USO INDUSTRIAL ,\nGRAU DE PROTEÇÃO IP 67, COM CAIXA","UN",{"v":4,"d":"4.00 "},{"v":125.4,"d":"125.40 "},{"v":501.6,"d":"501.60 "}]
["13.8.13",160140544,"TOMADA UNIVERSAL DUPLA 2P+T - 220V EM CX. 4\"x2\" - COMPLETA","UN",{"v":1,"d":"1.00 "},{"v":16.27,"d":"16.27 "},{"v":16.27,"d":"16.27 "}]
["13.9",null,"SERVIÇOS AUXILIARES DE TELEFONIA, SOM, LÓGICA E SISTEMAS DE CONTROLE"]
["13.9.1",160150009,"CABO VGAS/VGARGB BLINDADO","M",{"v":40,"d":"40.00 "},{"v":15.28,"d":"15.28 "},{"v":611.2,"d":"611.20 "}]
["13.9.2",160150016,"CONECTOR VGA/SVGA DB-15","UN",{"v":2,"d":"2.00 "},{"v":26.5,"d":"26.50 "},{"v":53,"d":"53.00 "}]
["13.9.3",160150036,"ORGANIZADOR HORIZONTAL DE CABOS PADRÃO 19\"","UN",{"v":24,"d":"24.00 "},{"v":38.68,"d":"38.68 "},{"v":928.32,"d":"928.32 "}]
["13.9.4",160150040,"PATCH CABLE IDC/IDC CAT. 5E - 4 PARES 1,5M AZ","UN",{"v":5,"d":"5.00 "},{"v":43.75,"d":"43.75 "},{"v":218.75,"d":"218.75 "}]
["13.9.5",160150043,"PATCH CABLE IDC/RJ45 CAT. 6 VM 2,5M","UN",{"v":40,"d":"40.00 "},{"v":37.23,"d":"37.23 "},{"v":1489.2,"d":"1,489.20 "}]
["SUBTOTAL (Etapa):",{"$nulls":5},{"v":31055.670000000006,"d":"31,055.67 "}]
[14,null,"INSTALAÇÕES PARA AR CONDICIONADO"]
["14.1",null,"ELETRICO AR CONDICIONADO"]
["14.1.1","C1187","ELETRODUTO DE PVC DE 1'","M",{"v":36,"d":"36.00"},7.72,{"v":277.92,"d":"277.92 "}]
["14.1.2","C1021","CURVA P/ELETRODUTO PVC ROSC. D= 32mm (1\")","UN",{"v":5,"d":"5.00"},4.44,{"v":22.2,"d":"22.20 "}]
["14.1.3","C1710","LUVA P/ELETRODUTO PVC ROSC. D= 32mm (1\")","UN",{"v":16,"d":"16.00"},2.21,{"v":35.36,"d":"35.36 "}]
["14.1.4",160020011,"CONDULETE DE ALUMÍNIO 1\"","UN",{"v":17,"d":"17.00"},16.69,{"v":283.73,"d":"283.73 "}]
["14.1.5",null,"UNIDUTE 1\"","UN",{"v":34,"d":"34.00"},4.28,{"v":145.52,"d":"145.52 "}]
["14.1.6",160020034,"TUBO METÁLICO FLEXÍVEL TIPO SEALTUBO DIAM.= 1\"","M",{"v":40,"d":"40.00"},10.56,{"v":422.4,"d":"422.40 "}]
["14.1.7",160030060,"SAÍDA HORIZONTAL PARA ELETRODUTO 1\"EM ELETROCALHA","UN",{"v":12,"d":"12.00"},10.02,{"v":120.24,"d":"120.24 "}]
["14.1.8","73861/006","CONDULETE 1\" EM LIGA DE ALUMÍNIO FUNDIDO TIPO \"C\" - FORNECIMENTO E INSTALACAO","UN",{"v":12,"d":"12.00"},15.89,{"v":190.68,"d":"190.68 "}]
["14.1.9","C3481","CONECTOR DE CAIXA TIPO RETO (BOX RETO) EM AÇO  DIAM.=1\"","UN",{"v":36,"d":"36.00"},4.12,{"v":148.32,"d":"148.32 "}]
["14.1.10",84158,"BUCHA / ARRUELA ALUMINIO 1\"","UN",{"v":17,"d":"17.00"},1.14,{"v":19.38,"d":"19.38 "}]
["14.2",null,"DRENO AR CONDICIONADO"]
["14.2.1","75051/003","TUBO PVC SOLDAVEL - 32 MM x 6M","M",{"v":12,"d":"12.00"},7.22,{"v":86.64,"d":"86.64 "}]
["14.2.2","75051/002","TUBO PVC SOLDAVEL - 25 MM x 6M","M",{"v":114,"d":"114.00"},4.11,{"v":468.54,"d":"468.54 "}]
["14.2.3",72643,"LUVA PVC SOLDAVEL - 25 MM","UN",{"v":101,"d":"101.00"},2.16,{"v":218.16,"d":"218.16 "}]
["14.2.4",72573,"JOELHO PVC SOLDAVEL 90º - 025 MM","UN",{"v":39,"d":"39.00"},3.37,{"v":131.43,"d":"131.43 "}]
["14.2.5",72574,"JOELHO PVC SOLDAVEL 45º - 025 MM","UN",{"v":2,"d":"2.00"},3.79,{"v":7.58,"d":"7.58 "}]
["14.2.6",150040181,"LUVA PVC SOLDÁVEL/ROSCA D=32MMX1\"","UN",{"v":3,"d":"3.00"},6.08,{"v":18.24,"d":"18.24 "}]
["14.2.7","C1744","BUCHA PVC REDUCAO SOLDAVEL - 32 x 25 MM","UN",{"v":6,"d":"6.00"},4.53,{"v":27.18,"d":"27.18 "}]
["14.2.8",150140039,"FITA PERFURADA LATÃO ESTANHADO P/ EQUALIZAÇÃO 20MM DE LARGURA, ROLO COM 3M","UN",{"v":60,"d":"60.00"},{"v":21,"d":"21.00"},{"v":1260,"d":"1,260.00 "}]
["14.2.9","I2525","PARAFUSO C/PORCA E ARRUELA DE 1/4X1 1/2\"","UN",{"v":4,"d":"4.00"},0.48,{"v":1.92,"d":"1.92 "}]
["14.2.10","C2478","TIROS E PINO DE AÇO PARA FIXAÇÃO","UN",{"v":4,"d":"4.00"},7.17,{"v":28.68,"d":"28.68 "}]
["14.2.11",72285,"CAIXA DE AREIA 40X40cm","UN",{"v":4,"d":"4.00"},46.84,{"v":187.36,"d":"187.36 "}]
["SUBTOTAL (Etapa):",{"$nulls":5},{"v":4101.48,"d":"4,101.48 "}]
[15,null,"PINTURAS"]
["15.1",null,"PINTURA DE PAREDES E FORROS"]
["15.1.1",170010004,"EMASSAMENTO EM PAREDE 2 DEMÃOS COM MASSA ACRÍLICA","M2",{"v":720.25,"d":"720.25 "},{"v":9.75,"d":"9.75 "},{"v":7022.44,"d":"7,022.44 "}]
["15.1.2",170010008,"LATEX ACRILICO 2 DEMÃOS EM PAREDES (S/ MASSA)","M2",{"v":720.25,"d":"720.25 "},{"v":11.2,"d":"11.20 "},{"v":8066.8,"d":"8,066.80 "}]
["15.1.3",170010003,"EMASSAMENTO EM FORRO 2 DEMÃOS COM MASSA DE PVA","M2",{"v":392.22,"d":"392.22 "},{"v":8.6,"d":"8.60 "},{"v":3373.09,"d":"3,373.09 "}]
["15.1.4",170010007,"LATEX ACRÍLICO 2 DEMÃOS EM FORRO (S/ MASSA)","M2",{"v":392.22,"d":"392.22 "},{"v":12.37,"d":"12.37 "},{"v":4851.76,"d":"4,851.76 "}]
["15.2",null,"PINTURA DE MADEIRAS E SUPERFÍCIES METÁLICAS"]
["15.2.1",170030011,"ESMALTE 2 DEMÃOS EM SUPERFÍCIE DE MADEIRA","M2",{"v":45,"d":"45.00 "},{"v":16.46,"d":"16.46 "},{"v":740.7,"d":"740.70 "}]
["15.2.2",170030009,"APLICAÇÃO DE ZARCÃO MARÍTIMO EM SUPERFÍCIE METALICA","M2",{"v":215.63,"d":"215.63 "},{"v":12.19,"d":"12.19 "},{"v":2628.53,"d":"2,628.53 "}]
["15.2.3",170030012,"ESMALTE 2 DEMÃOS, TIPO AUTOMOTIVA, EM SUPERFÍCIE METÁLICAS","M2",{"v":215.63,"d":"215.63 "},{"v":29.97,"d":"29.97 "},{"v":6462.43,"d":"6,462.43 "}]
["SUBTOTAL (Etapa):",{"$nulls":5},{"v":33145.75,"d":"33,145.75 "}]
[16,null,"SERVIÇOS COMPLEMENTARES"]
["16.1",null,"LIMPEZA FINAL"]
["16.1.1",220010001,"LIMPEZA DA OBRA","M2",{"v":500,"d":"500.00 "},{"v":4.23,"d":"4.23 "},{"v":2115,"d":"2,115.00 "}]
["SUBTOTAL (Etapa):",{"$nulls":5},{"v":2115,"d":"2,115.00"}]
[]
["SUBTOTAL GERAL: ",{"$nulls":5},{"v":207935.04,"d":"207,935.04"}]
[]
["BDI (20%): ",{"$nulls":5},{"v":41587.008,"d":"41,587.01"}]
[]
["TOTAL GERAL: ",{"$nulls":5},{"v":249522.048,"d":"249,522.05"}]
[]
["IMPORTA O PRESENTE ORÇAMENTO EM R$ 249.522,05 (DUZENTOS E QUARENTA E NOVE MIL QUINHENTOS E VINTE E DOIS REAIS E CINCO CENTAVOS)"]

{"sheet":"CRONOGRAMA","index":2,"n_rows":36,"n_cols":13,"rows_kept":36,"merged":[[4,0,4,12],[6,0,6,11],[8,0,8,11],[9,0,9,11],[13,0,13,12]],"flags":["formulas_cached_only"]}
[]
[]
[]
[]
["ANEXO III"]
[]
["SECRETARIA  REGIONAL - II"]
[]
["REFORMA DA CENTRAL DE ACOLHIMENTO DA SECRETARIA REGIONAL II",{"$nulls":11},"2014-01-14"]
["RUA JURACI OLIVEIRA N° 01 – EDSON QUEIROZ"]
[]
[]
[]
["CRONOGRAMA FÍSICO- FINANCEIRO"]
[]
["ITEM","DISCRIMINAÇÃO","VALOR","BDI (20%)","VALOR+BDI","%","30 DIAS","%","60 DIAS","%","90 DIAS","%","TOTAL"]
[]
[1,"SERVICOS PRELIMINARES",{"v":15830.859999999999,"d":"15,830.86"},{"v":3166.172,"d":"3,166.17"},{"v":18997.032,"d":"18,997.03"},{"v":7.613368098036771,"d":"7.61"},{"v":5699.11,"d":"5,699.11"},{"v":30,"d":"30.00"},{"v":5699.11,"d":"5,699.11"},{"v":30,"d":"30.00"},{"v":7598.81,"d":"7,598.81"},{"v":40,"d":"40.00"},{"v":18997.032,"d":"18,997.03"}]
[2,"MOVIMENTO DE TERRA",{"v":560.6,"d":"560.60"},112.12,672.72,{"v":0.2696034299942905,"d":"0.27"},201.82,{"v":30,"d":"30.00"},201.82,{"v":30,"d":"30.00"},269.09,{"v":40,"d":"40.00"},672.72]
[3,"FUNDAÇÕES",{"v":543.3199999999999,"d":"543.32"},{"v":108.66399999999999,"d":"108.66"},{"v":651.9839999999999,"d":"651.98"},{"v":0.26129314231983214,"d":"0.26"},{"v":195.6,"d":"195.60"},{"v":30,"d":"30.00"},{"v":195.6,"d":"195.60"},{"v":30,"d":"30.00"},260.79,{"v":40,"d":"40.00"},{"v":651.9839999999999,"d":"651.98"}]
[4,"ESTRUTURAS",653.77,{"v":130.754,"d":"130.75"},{"v":784.524,"d":"784.52"},{"v":0.31441069287792955,"d":"0.31"},235.36,{"v":30,"d":"30.00"},235.36,{"v":30,"d":"30.00"},313.81,{"v":40,"d":"40.00"},{"v":784.524,"d":"784.52"}]
[5,"CONCRETOS",{"v":3383.49,"d":"3,383.49"},{"v":676.698,"d":"676.70"},{"v":4060.1879999999996,"d":"4,060.19"},{"v":1.627186067341031,"d":"1.63"},{"v":1218.06,"d":"1,218.06"},{"v":30,"d":"30.00"},{"v":1218.06,"d":"1,218.06"},{"v":30,"d":"30.00"},{"v":1624.08,"d":"1,624.08"},{"v":40,"d":"40.00"},{"v":4060.1879999999996,"d":"4,060.19"}]
[6,"PAREDES E PAINÉIS",{"v":14555.22,"d":"14,555.22"},{"v":2911.044,"d":"2,911.04"},{"v":17466.264,"d":"17,466.26"},{"v":6.999888041957719,"d":"7.00"},{"v":5239.88,"d":"5,239.88"},{"v":30,"d":"30.00"},{"v":5239.88,"d":"5,239.88"},{"v":30,"d":"30.00"},{"v":6986.51,"d":"6,986.51"},{"v":40,"d":"40.00"},{"v":17466.264,"d":"17,466.26"}]
[7,"ESQUADRIAS E FERRAGENS",{"v":47179.49,"d":"47,179.49"},{"v":9435.898,"d":"9,435.90"},{"v":56615.388,"d":"56,615.39"},{"v":22.68953323114757,"d":"22.69"},{"v":16984.62,"d":"16,984.62"},{"v":30,"d":"30.00"},{"v":16984.62,"d":"16,984.62"},{"v":30,"d":"30.00"},{"v":22646.16,"d":"22,646.16"},{"v":40,"d":"40.00"},{"v":56615.388,"d":"56,615.39"}]
[8,"VIDROS",{"v":22239.65,"d":"22,239.65"},{"v":4447.93,"d":"4,447.93"},{"v":26687.58,"d":"26,687.58"},{"v":10.695479703661299,"d":"10.70"},{"v":8006.27,"d":"8,006.27"},{"v":30,"d":"30.00"},{"v":8006.27,"d":"8,006.27"},{"v":30,"d":"30.00"},{"v":10675.03,"d":"10,675.03"},{"v":40,"d":"40.00"},{"v":26687.58,"d":"26,687.58"}]
[9,"COBERTAS",{"v":2005.2,"d":"2,005.20"},401.04,{"v":2406.2400000000002,"d":"2,406.24"},{"v":0.9643396322236021,"d":"0.96"},721.87,{"v":30,"d":"30.00"},721.87,{"v":30,"d":"30.00"},{"v":962.5,"d":"962.50"},{"v":40,"d":"40.00"},{"v":2406.2400000000002,"d":"2,406.24"}]
[10,"REVESTIMENTOS",{"v":5980.780000000001,"d":"5,980.78"},{"v":1196.1560000000002,"d":"1,196.16"},{"v":7176.936000000001,"d":"7,176.94"},{"v":2.8762732822712325,"d":"2.88"},{"v":2153.08,"d":"2,153.08"},{"v":30,"d":"30.00"},{"v":2153.08,"d":"2,153.08"},{"v":30,"d":"30.00"},{"v":2870.77,"d":"2,870.77"},{"v":40,"d":"40.00"},{"v":7176.936000000001,"d":"7,176.94"}]
[11,"PISOS",{"v":22593.7,"d":"22,593.70"},{"v":4518.740000000001,"d":"4,518.74"},{"v":27112.440000000002,"d":"27,112.44"},{"v":10.865749226296828,"d":"10.87"},{"v":8133.73,"d":"8,133.73"},{"v":30,"d":"30.00"},{"v":8133.73,"d":"8,133.73"},{"v":30,"d":"30.00"},{"v":10844.98,"d":"10,844.98"},{"v":40,"d":"40.00"},{"v":27112.440000000002,"d":"27,112.44"}]
[12,"INSTALAÇÕES HIDRÁULICAS / SANITÁRIAS",{"v":1991.06,"d":"1,991.06"},{"v":398.212,"d":"398.21"},{"v":2389.272,"d":"2,389.27"},{"v":0.9575394315455442,"d":"0.96"},716.78,{"v":30,"d":"30.00"},716.78,{"v":30,"d":"30.00"},955.71,{"v":40,"d":"40.00"},{"v":2389.272,"d":"2,389.27"}]
[13,"INSTALAÇÕES ELÉTRICAS, TELEFONIA, LÓGICA E SOM",{"v":31055.670000000006,"d":"31,055.67"},{"v":6211.134000000002,"d":"6,211.13"},{"v":37266.804000000004,"d":"37,266.80"},{"v":14.935274978185495,"d":"14.94"},{"v":11180.04,"d":"11,180.04"},{"v":30,"d":"30.00"},{"v":11180.04,"d":"11,180.04"},{"v":30,"d":"30.00"},{"v":14906.72,"d":"14,906.72"},{"v":40,"d":"40.00"},{"v":37266.804000000004,"d":"37,266.80"}]
[14,"INSTALAÇÕES PARA AR CONDICIONADO",{"v":4101.48,"d":"4,101.48"},{"v":820.2959999999999,"d":"820.30"},{"v":4921.776,"d":"4,921.78"},{"v":1.9724814057313282,"d":"1.97"},{"v":1476.53,"d":"1,476.53"},{"v":30,"d":"30.00"},{"v":1476.53,"d":"1,476.53"},{"v":30,"d":"30.00"},{"v":1968.71,"d":"1,968.71"},{"v":40,"d":"40.00"},{"v":4921.776,"d":"4,921.78"}]
[15,"PINTURAS",{"v":33145.75,"d":"33,145.75"},{"v":6629.150000000001,"d":"6,629.15"},{"v":39774.9,"d":"39,774.90"},{"v":15.940435051254468,"d":"15.94"},{"v":11932.47,"d":"11,932.47"},{"v":30,"d":"30.00"},{"v":11932.47,"d":"11,932.47"},{"v":30,"d":"30.00"},{"v":15909.96,"d":"15,909.96"},{"v":40,"d":"40.00"},{"v":39774.9,"d":"39,774.90"}]
[16,"SERVIÇOS COMPLEMENTARES",{"v":2115,"d":"2,115.00"},{"v":423,"d":"423.00"},{"v":2538,"d":"2,538.00"},{"v":1.017144585155056,"d":"1.02"},{"v":761.4,"d":"761.40"},{"v":30,"d":"30.00"},{"v":761.4,"d":"761.40"},{"v":30,"d":"30.00"},{"v":1015.2,"d":"1,015.20"},{"v":40,"d":"40.00"},{"v":2538,"d":"2,538.00"}]
[]
[null,"TOTAL SIMPLES",{"v":207935.04,"d":"207,935.04"},{"v":41587.00800000001,"d":"41,587.01"},{"v":249522.048,"d":"249,522.05"},{"v":99.99999999999999,"d":"100.0"},{"v":74856.62,"d":"74,856.62"},{"v":30.000002244290652,"d":"30.00"},{"v":74856.62,"d":"74,856.62"},{"v":30.000002244290652,"d":"30.00"},{"v":99808.83,"d":"99,808.83"},{"v":40.00000432827483,"d":"40.00"},{"v":249522.048,"d":"249,522.05"}]
[null,"TOTAL ACUMULADO",{"$nulls":4},{"v":74856.62,"d":"74,856.62"},{"v":30.000002244290652,"d":"30.00"},{"v":149713.24,"d":"149,713.24"},{"v":60.000004488581304,"d":"60.00"},{"v":249522.07,"d":"249,522.07"},{"v":100.00000881685614,"d":"100.00"}]